000 00501nam a2200157 i 4500
001 32824
003 ES-MaACL
005 20230906154637.0
007 t|
008 030131q1951 sp ||||1| spa d
100 1 _aBermejo Martínez, Francisco.
_928112
245 1 4 _aLos cálculos numéricos en la Química analítica cuantitativa /
_cpor Francisco Bermejo Martínez.
260 _aOviedo :
_b[s.n.,
_c1951?] (
_fImp. Trufero)
300 _a126 p. ;
_c21 cm.
852 _aES-MaACL
_j1932-F-10
_bR.31914
999 _c32824
_d32824